ENCYCLOPAEADIA BRITANNICA WORLD ATLAS (Record no. 32220)

000 -LEADER
fixed length control field 00268nam a22001217a 4500
003 - CONTROL NUMBER IDENTIFIER
control field Nust
005 - DATE AND TIME OF LATEST TRANSACTION
control field 20170206113323.0
008 - FIXED-LENGTH DATA ELEMENTS--GENERAL INFORMATION
fixed length control field 170206b xxu||||| |||| 00| 0 eng d
020 ## - INTERNATIONAL STANDARD BOOK NUMBER
International Standard Book Number 1-593-394284
040 ## - CATALOGING SOURCE
Transcribing agency c
082 ## - DEWEY DECIMAL CLASSIFICATION NUMBER
Classification number 032
100 ## - MAIN ENTRY--PERSONAL NAME
Personal name Britannica
245 ## - TITLE STATEMENT
Title ENCYCLOPAEADIA BRITANNICA WORLD ATLAS
260 ## - PUBLICATION, DISTRIBUTION, ETC.
Place of publication, distribution, etc. London
Name of publisher, distributor, etc. Britannica
Date of publication, distribution, etc. 2008.
300 ## - PHYSICAL DESCRIPTION
Extent 365 p. ;
500 ## - GENERAL NOTE
General note Hardcover.
942 ## - ADDED ENTRY ELEMENTS (KOHA)
Koha item type Book
Source of classification or shelving scheme
Holdings
Withdrawn status Lost status Source of classification or shelving scheme Damaged status Not for loan Permanent Location Current Location Date acquired Total Checkouts Full call number Barcode Date last seen Price effective from Koha item type
          School of Mechanical & Manufacturing Engineering (SMME) School of Mechanical & Manufacturing Engineering (SMME) 07/29/2015   032 ENC SMME-887 03/27/2018 07/29/2015 Book
© 2023 Central Library, National University of Sciences and Technology. All Rights Reserved.